000 00543nam a22001937a 4500
005 20220420093444.0
008 220420b2022 my ||||| |||| 00| 0 m d
020 0 0 _a9789672459170
_cRM 30.00
040 _aAKMAL
082 0 0 _a899.2333 TEM
090 0 0 _a899.2333
_bTEM
100 _aTeme Abdullah
_99427
245 1 0 _aKapal Terakhir Didunia
_cTeme Abdullah
260 0 0 _aSelangor
_bIman Punlication Sdn Bhd
_c2021
300 _a338 pg
_c19cm
650 0 0 _aMalay Fiction
_99428
650 0 0 _aMalaysian fiction (Malay)
_99429
942 _2ddc
_cBOOK
999 _c4948
_d4948